El derecho minero y las inversiones extranjeras (Record no. 177594)
[ view plain ]
| 000 -LEADER | |
|---|---|
| campo de control de longitud fija | 00760nam a22002055i 4500 |
| 001 - NÚMERO DE CONTROL | |
| campo de control | 177594 |
| 003 - IDENTIFICADOR DE NÚMERO DE CONTROL | |
| campo de control | ES-MaACL |
| 005 - FECHA Y HORA DE LA ÚLTIMA TRANSACCIÓN | |
| campo de control | 20230906220353.0 |
| 008 - DATOS DE LONGITUD FIJA--INFORMACIÓN GENERAL | |
| campo de control de longitud fija | 110405s1964 sp |||| | spa d |
| 080 ## - NÚMERO DE LA CLASIFICACIÓN DECIMAL UNIVERSAL | |
| Número de la Clasificación Decimal Universal | 351.823(460) |
| 100 1# - ENTRADA PRINCIPAL--NOMBRE DE PERSONA | |
| Nombre de persona | Tordesillas, Ángel. |
| 9 (RLIN) | 145982 |
| 245 13 - MENCIÓN DEL TÍTULO | |
| Título | El derecho minero y las inversiones extranjeras |
| Resto del título | : (minas, canteras, hidrocarburos) / |
| Mención de responsabilidad, etc. | por Ángel Tordesillas. |
| 260 ## - PUBLICACIÓN, DISTRIBUCIÓN, ETC. | |
| Lugar de publicación, distribución, etc. | Madrid : |
| Nombre del editor, distribuidor, etc. | Montecorvo, |
| Fecha de publicación, distribución, etc. | D. L. 1964. |
| 300 ## - DESCRIPCIÓN FÍSICA | |
| Extensión | 284 p. ; |
| Dimensiones | 24 cm. |
| 490 1# - MENCIÓN DE SERIE | |
| Mención de serie | Monografías. Colección de estudios jurídicos ; |
| Designación de volumen o secuencia | 6 |
| 650 ## - PUNTO DE ACCESO ADICIONAL DE MATERIA--TÉRMINO DE MATERIA | |
| Término de materia o nombre geográfico como elemento de entrada | Minas- |
| Subdivisión general | Derecho y legislación- |
| Subdivisión geográfica | España. |
| 9 (RLIN) | 175982 |
| 830 0# - PUNTO DE ACCESO ADICIONAL DE SERIE-TÍTULO UNIFORME | |
| Título uniforme | Monografías. Colección de estudios jurídicos ; |
| Designación de volumen o secuencia | 6 |
| 9 (RLIN) | 190484 |
| 852 ## - LOCALIZACIÓN | |
| Ubicación | ES-MaACL |
| Número de control de estantería | E-14797 |
| Encuadernación | Olim P-860-bis |
| Estatus retirado | Estado de pérdida | Estado de daño | No para préstamo | Biblioteca de origen | Biblioteca actual | Ubicación en estantería | Fecha de adquisición | Fuente de adquisición | Total de préstamos | Signatura topográfica completa | Código de barras | Visto por última vez | Precio de reemplazo | Tipo de ítem Koha |
|---|---|---|---|---|---|---|---|---|---|---|---|---|---|---|
| Biblioteca del Ateneo de Madrid | Biblioteca del Ateneo de Madrid | Depósito 2 | 05/04/2011 | E-14797 | 1186540 | 23/02/2023 | 23/02/2023 | Libro impreso |
